000 00834nam a22002531 4500
001 105161
003 ES-MaACL
005 20250828000907.0
007 t|
008 060615s1957 sp ||||0| spa d
016 7 _zIND9200523369
040 _aM-BN
_bspa
_cA2
080 _a911(463)"09/11"
080 _a946.3"09/11"
100 1 _aLópez Mata, Teófilo.
_973765
245 1 0 _aGeografia del Condado de Castilla a la muerte de Fernán Gonzalez /
_cTeófilo López Mata.
260 _aMadrid :
_bInstituto Jerónimo Zurita,
_c1957 (
_fFenix)
300 _a159 p., 1 map. pleg ;
_c21 cm.
500 _aConsejo Superior de Investigaciones Cientificas.
651 4 _aCastilla-
_xGeografía histórica.
_97975
710 2 _aInstituto Jerónimo Zurita
_95106
852 _aES-MaACL
_jC-15764
_bR.43611
999 _c105161
_d105161